[Event "29th NATO Chess Championship"]
[Site "Lubbock"]
[Date "2018.06.07"]
[Round "5.1"]
[White "Graczyk, Damian"]
[Black "Pavlidou, Ekaterini"]
[Result "1-0"]
[WhiteElo "2066"]
[BlackElo "2157"]
[PlyCount "129"]
[EventDate "2018.06.04"]
[EventType "swiss"]
[EventRounds "7"]
[EventCountry "USA"]
[SourceVersion "1"]
[SourceVersionDate "2018.06.14"]
[SourceQuality "1"]
[WhiteTeam "POLAND"]
[BlackTeam "GREECE"]
[WhiteTeamCountry "POL"]
[BlackTeamCountry "GRE"]

1. d4 Nf6 2. c4 e6 3. Nf3 Bb4+ 4. Nbd2 c5 5. a3 Bxd2+ 6. Qxd2 cxd4 7. Nxd4 O-O
8. e3 a6 9. b4 d6 10. Bb2 Qe7 11. Bd3 b6 12. O-O Bb7 13. f3 Nbd7 14. Rac1 Rac8
15. Qe2 Ne5 16. Bb1 Qc7 17. Ba2 Rfe8 18. Rfd1 Qb8 19. Rd2 Re7 20. Rdc2 Rec7 21.
e4 Ned7 22. Qf2 Ne5 23. Qe3 Qa7 24. Ne2 Nfd7 25. Kh1 a5 26. Nd4 Ba6 27. Qe2 Ng6
28. Qf2 Ne7 29. b5 Bb7 30. Qg3 Ng6 31. Ne2 d5 32. exd5 Bxd5 33. Nf4 Ndf8 34. h4
f6 35. Nxd5 exd5 36. h5 Ne7 37. Bxf6 Nf5 38. Qe5 Nh6 39. Qxd5+ Nf7 40. Bd4 Rd8
41. Qe4 Rcd7 42. Bf2 Rd1+ 43. Rxd1 Rxd1+ 44. Kh2 Qc7+ 45. g3 Qd7 46. c5 bxc5
47. Qc4 a4 48. Qxf7+ Qxf7 49. Bxf7+ Kxf7 50. Bxc5 Nd7 51. Bb4 Rd5 52. Rc7 Rxh5+
53. Kg2 Ke6 54. Rc6+ Kf7 55. b6 Rb5 56. Rc7 Ke6 57. b7 h6 58. Kf2 h5 59. f4 g6
60. Ke3 Nb8 61. Kd4 Rd5+ 62. Kc4 Rd7 63. Rxd7 Kxd7 64. Kd5 Kc7 65. Bd6+ 1-0

[Event "29th NATO Chess Championship"]
[Site "Lubbock"]
[Date "2018.06.07"]
[Round "5.2"]
[White "Pavlidis, Anastasios"]
[Black "Helbig, Mark"]
[Result "1-0"]
[WhiteElo "2357"]
[BlackElo "2361"]
[PlyCount "140"]
[EventDate "2018.06.04"]
[EventType "swiss"]
[EventRounds "7"]
[EventCountry "USA"]
[SourceVersion "1"]
[SourceVersionDate "2018.06.14"]
[SourceQuality "1"]
[WhiteTeam "GREECE"]
[BlackTeam "GERMANY"]
[WhiteTeamCountry "GRE"]
[BlackTeamCountry "GER"]

1. d4 Nf6 2. c4 e6 3. Nf3 b6 4. a3 Ba6 5. Qc2 c5 6. d5 exd5 7. cxd5 g6 8. Nc3
Bg7 9. g3 O-O 10. Bg2 d6 11. O-O b5 12. b4 Nbd7 13. Bf4 Qb6 14. Rac1 Rac8 15.
Qa2 Rfe8 16. Bh3 h5 17. Ng5 Rc7 18. Qd2 cxb4 19. axb4 Ne5 20. Be3 Qb8 21. Qa2
Bc8 22. Bg2 Bf5 23. Bf4 Rc4 24. Qa5 Bd7 25. Nb1 Rxc1 26. Rxc1 Nc4 27. Qa2 Ng4
28. h3 Nge5 29. Nd2 Nxd2 30. Bxd2 Rc8 31. Rxc8+ Bxc8 32. Qa5 Bd7 33. Be3 Nc4
34. Qxa7 Qxa7 35. Bxa7 Bc3 36. Ne4 Bg7 37. Bb8 Be5 38. f4 Bd4+ 39. Kh2 f5 40.
Nxd6 Bc3 41. Nxc4 bxc4 42. d6 Kf7 43. Bd5+ Be6 44. d7 Bf6 45. Be5 Bd8 46. Bc6
Ke7 47. Bb5 Bb6 48. Kg2 Bxd7 49. Bxc4 Bc6+ 50. Kf1 Be3 51. h4 Bb7 52. Bc3 Be4
53. Be1 Bb7 54. Bf2 Bd2 55. Bc5+ Ke8 56. b5 Ba5 57. Kf2 Bd2 58. e3 Ba5 59. Be2
Kd7 60. Bd4 Kd6 61. Bc4 Ke7 62. Bc5+ Kf6 63. Bd6 Bb6 64. Be5+ Ke7 65. Bd4 Ba5
66. Bc5+ Ke8 67. b6 Bc3 68. Be2 Kd7 69. Bb5+ Kd8 70. Bd4 Ke7 1-0

[Event "29th NATO Chess Championship"]
[Site "Lubbock"]
[Date "2018.06.07"]
[Round "5.3"]
[White "Watters, Chase Miles"]
[Black "Bobula, Mateusz"]
[Result "1/2-1/2"]
[WhiteElo "2175"]
[BlackElo "2347"]
[PlyCount "56"]
[EventDate "2018.06.04"]
[EventType "swiss"]
[EventRounds "7"]
[EventCountry "USA"]
[SourceVersion "1"]
[SourceVersionDate "2018.06.14"]
[SourceQuality "1"]
[WhiteTeam "UNITED STATES"]
[BlackTeam "POLAND"]
[WhiteTeamCountry "USA"]
[BlackTeamCountry "POL"]

1. d4 Nf6 2. Bf4 g6 3. c4 c6 4. Nc3 d5 5. e3 Bg7 6. Nf3 O-O 7. h3 Bf5 8. Qb3
Qb6 9. c5 Qxb3 10. axb3 Nbd7 11. b4 a6 12. Nd2 Ne4 13. Ncxe4 Bxe4 14. O-O-O a5
15. Nxe4 dxe4 16. b5 e5 17. Bg3 exd4 18. exd4 Nf6 19. Bc4 Nd5 20. Rhe1 Rfe8 21.
Kc2 f5 22. f3 Kh8 23. fxe4 Nb4+ 24. Kb3 fxe4 25. d5 cxd5 26. Bxd5 Nd3 27. c6
a4+ 28. Ka2 bxc6 1/2-1/2

[Event "29th NATO Chess Championship"]
[Site "Lubbock"]
[Date "2018.06.07"]
[Round "5.4"]
[White "Pedersen, Finn"]
[Black "Mestek, Igor"]
[Result "1-0"]
[WhiteElo "2302"]
[BlackElo "2099"]
[PlyCount "99"]
[EventDate "2018.06.04"]
[EventType "swiss"]
[EventRounds "7"]
[EventCountry "USA"]
[SourceVersion "1"]
[SourceVersionDate "2018.06.14"]
[SourceQuality "1"]
[WhiteTeam "DENMARK"]
[BlackTeam "SLOVENIA"]
[WhiteTeamCountry "DEN"]
[BlackTeamCountry "SLO"]

1. Nf3 Nf6 2. c4 e6 3. b3 b6 4. g3 Bb7 5. Bg2 c5 6. O-O Be7 7. Bb2 d6 8. Nc3
Nbd7 9. d3 Qc7 10. e4 a6 11. Ne1 h5 12. h3 Ne5 13. f4 Nc6 14. Nc2 O-O-O 15. Ne3
Nd4 16. Ne2 e5 17. Nxd4 exd4 18. Nf5 g6 19. Nxe7+ Qxe7 20. b4 Nd7 21. bxc5 dxc5
22. Bc1 f5 23. Re1 Qd6 24. Rb1 fxe4 25. dxe4 Qc7 26. Qd3 Kb8 27. Bd2 Ka7 28.
Rb3 Bc6 29. e5 Bxg2 30. Kxg2 Qc6+ 31. Qf3 Qxf3+ 32. Kxf3 Rhe8 33. e6 Nb8 34. g4
hxg4+ 35. hxg4 Nc6 36. Rd3 b5 37. cxb5 axb5 38. f5 gxf5 39. gxf5 Rd5 40. Ke4
Re5+ 41. Kf4 Rxe1 42. Bxe1 c4 43. Rxd4 Nxd4 44. Bf2 Kb7 45. Bxd4 Kc6 46. Ke5 b4
47. f6 c3 48. f7 Rd8 49. e7 Rd5+ 50. Ke4 1-0

[Event "29th NATO Chess Championship"]
[Site "Lubbock"]
[Date "2018.06.07"]
[Round "5.5"]
[White "Kraft, Chip"]
[Black "Everett, Elijah"]
[Result "0-1"]
[WhiteElo "1950"]
[BlackElo "2217"]
[PlyCount "80"]
[EventDate "2018.06.04"]
[EventType "swiss"]
[EventRounds "7"]
[EventCountry "USA"]
[SourceVersion "1"]
[SourceVersionDate "2018.06.14"]
[SourceQuality "1"]
[WhiteTeam "UNITED STATES"]
[BlackTeam "GERMANY"]
[WhiteTeamCountry "USA"]
[BlackTeamCountry "GER"]

1. c4 g6 2. g3 Bg7 3. Bg2 Nf6 4. Nc3 O-O 5. e4 d6 6. Nge2 c5 7. Rb1 Nc6 8. a3
a5 9. O-O Ne8 10. d3 Nc7 11. Be3 Ne6 12. Nb5 Ned4 13. Nexd4 cxd4 14. Bd2 Bd7
15. f4 Qb6 16. a4 Qc5 17. Qe1 Rfc8 18. b3 h5 19. Rf2 h4 20. Qe2 hxg3 21. hxg3
Bf6 22. Bf3 Kg7 23. Bg4 Bxg4 24. Qxg4 e6 25. Rbf1 Rh8 26. Bc1 Rh5 27. Ba3 Nb4
28. Bxb4 Qxb4 29. e5 Be7 30. Nxd4 Rah8 31. Nf3 Qxb3 32. exd6 Bf6 33. Kg2 Qxd3
34. Re1 Qxc4 35. Rfe2 Qxa4 36. Rb1 Qc6 37. Rg1 Rh2+ 38. Kf1 Qc1+ 39. Ne1 Bd4
40. Rxh2 Rxh2 0-1

[Event "29th NATO Chess Championship"]
[Site "Lubbock"]
[Date "2018.06.07"]
[Round "5.6"]
[White "Kersic, Matej"]
[Black "Pietruszewski, Marcin"]
[Result "1/2-1/2"]
[WhiteElo "2119"]
[BlackElo "2198"]
[PlyCount "101"]
[EventDate "2018.06.04"]
[EventType "swiss"]
[EventRounds "7"]
[EventCountry "USA"]
[SourceVersion "1"]
[SourceVersionDate "2018.06.14"]
[SourceQuality "1"]
[WhiteTeam "SLOVENIA"]
[BlackTeam "POLAND"]
[WhiteTeamCountry "SLO"]
[BlackTeamCountry "POL"]

1. e4 c6 2. d4 d5 3. e5 Bf5 4. Nf3 e6 5. Be2 Nd7 6. O-O h6 7. b3 Ne7 8. c4 Bh7
9. Ba3 Nf5 10. Bxf8 Nxf8 11. Nc3 Nd7 12. Qd2 O-O 13. Rfe1 Qe7 14. h3 Rfd8 15.
cxd5 exd5 16. Bd3 Nf8 17. Rac1 g5 18. Ne2 Bg6 19. Ng3 Ng7 20. Nh2 h5 21. Nf3
Nfe6 22. Rcd1 Kh7 23. Ne2 h4 24. Nh2 Nh5 25. Ng4 Kg7 26. Ne3 a5 27. Bf5 a4 28.
b4 Qf8 29. a3 Qh8 30. Bxe6 fxe6 31. Ng4 Nf4 32. Nxf4 gxf4 33. Qxf4 Rf8 34. Qg5
Rf5 35. Qe7+ Rf7 36. Qg5 Qh5 37. Qe3 Bf5 38. Nf6 Qg6 39. Kh2 Rh8 40. Rg1 Kf8
41. Rc1 Be4 42. b5 cxb5 43. Rc8+ Kg7 44. Rxh8 Kxh8 45. Qf4 Rc7 46. g3 Rc3 47.
Qxh4+ Kg7 48. Ng4 Bf3 49. Qe7+ Qf7 50. Qg5+ Qg6 51. Qe7+ 1/2-1/2

[Event "29th NATO Chess Championship"]
[Site "Lubbock"]
[Date "2018.06.07"]
[Round "5.7"]
[White "Nill, Oliver"]
[Black "Stankowski, Aleksander"]
[Result "1-0"]
[WhiteElo "2194"]
[BlackElo "1987"]
[PlyCount "83"]
[EventDate "2018.06.04"]
[EventType "swiss"]
[EventRounds "7"]
[EventCountry "USA"]
[SourceVersion "1"]
[SourceVersionDate "2018.06.14"]
[SourceQuality "1"]
[WhiteTeam "NATO A"]
[BlackTeam "NATO B"]

1. c4 Nf6 2. Nc3 g6 3. g3 Bg7 4. Bg2 d6 5. e4 O-O 6. Nge2 Nc6 7. O-O e5 8. d3
Nh5 9. f4 exf4 10. Nxf4 Nxf4 11. Bxf4 Nd4 12. Qd2 c6 13. Kh1 Bg4 14. h3 Be6 15.
Rae1 Qd7 16. Kh2 Rfe8 17. b3 Rac8 18. Be3 Qc7 19. Ne2 Nxe2 20. Rxe2 d5 21. exd5
cxd5 22. cxd5 Bf5 23. Bf4 Qd7 24. Rxe8+ Rxe8 25. Re1 Rxe1 26. Qxe1 Bxd3 27. Qe3
Ba6 28. Qxa7 f6 29. Qb8+ Bf8 30. Bh6 Qd6 31. Qe8 Qe7 32. Qc8 Kf7 33. Bxf8 Qxf8
34. Qe6+ Kg7 35. d6 Qd8 36. a4 b6 37. d7 Kf8 38. Bd5 Kg7 39. Qe8 Qc7 40. d8=Q
Qc2+ 41. Bg2 Bf1 42. Qf8# 1-0

[Event "29th NATO Chess Championship"]
[Site "Lubbock"]
[Date "2018.06.07"]
[Round "5.8"]
[White "Kedzierski, Slawomir"]
[Black "Hansen, Stefan"]
[Result "1/2-1/2"]
[WhiteElo "2146"]
[BlackElo "2047"]
[PlyCount "133"]
[EventDate "2018.06.04"]
[EventType "swiss"]
[EventRounds "7"]
[EventCountry "USA"]
[SourceVersion "1"]
[SourceVersionDate "2018.06.14"]
[SourceQuality "1"]
[WhiteTeam "NATO A"]
[BlackTeam "DENMARK"]
[BlackTeamCountry "DEN"]

1. d4 e6 2. Nf3 d5 3. c4 Nf6 4. Nc3 Be7 5. Bg5 Nbd7 6. e3 h6 7. Bh4 O-O 8. Rc1
c5 9. cxd5 Nxd5 10. Bxe7 Nxe7 11. Be2 b6 12. O-O Bb7 13. Na4 cxd4 14. Qxd4 Nf6
15. Qxd8 Rfxd8 16. Rc7 Rd7 17. Rfc1 Ned5 18. Rxd7 Nxd7 19. Nd4 Kf8 20. Nb5 Ke7
21. Nc7 Rc8 22. Nxd5+ exd5 23. Rxc8 Bxc8 24. Bg4 Nc5 25. Nxc5 Bxg4 26. Nb3 Kd6
27. f3 Bd7 28. Kf2 h5 29. Ke2 g6 30. Kd3 Bb5+ 31. Kd4 Bc4 32. Nc1 Bf1 33. g3
Bg2 34. f4 Bf1 35. a3 a5 36. Na2 Bb5 37. Nc3 Bc6 38. Nd1 Bd7 39. Nf2 f5 40. Nd3
Bb5 41. Ne5 Be8 42. b3 Ke6 43. Kc3 Kd6 44. Nf3 Bd7 45. Nd4 Be8 46. b4 axb4+ 47.
Kxb4 Bd7 48. Nf3 Be8 49. Ne5 Ke6 50. Kc3 Kd6 51. Kd4 Ke6 52. Nd3 Bc6 53. Kc3
Kd6 54. Kb4 Be8 55. Ne5 Ke6 56. Nf3 Kd6 57. Nd4 Bd7 58. Nf3 Be8 59. Ne5 Ke6 60.
a4 Kd6 61. h3 Ke6 62. Nf3 Kd6 63. Nd4 Bd7 64. Nb5+ Kc6 65. Nd4+ Kd6 66. Nb3 Be6
67. Nd4 1/2-1/2

[Event "29th NATO Chess Championship"]
[Site "Lubbock"]
[Date "2018.06.07"]
[Round "5.9"]
[White "Aagaard, Gert"]
[Black "Hernandez, Albert"]
[Result "1-0"]
[WhiteElo "2042"]
[BlackElo "1950"]
[PlyCount "61"]
[EventDate "2018.06.04"]
[EventType "swiss"]
[EventRounds "7"]
[EventCountry "USA"]
[SourceVersion "1"]
[SourceVersionDate "2018.06.14"]
[SourceQuality "1"]
[WhiteTeam "DENMARK"]
[BlackTeam "VETERANS B"]
[WhiteTeamCountry "DEN"]

1. d4 d5 2. c4 c6 3. cxd5 cxd5 4. Bg5 Qb6 5. Nc3 e6 6. Qd2 Nc6 7. e3 Bd7 8. Nf3
Nf6 9. Bxf6 gxf6 10. a3 Na5 11. Rb1 Nb3 12. Qd1 a6 13. Nd2 Nxd2 14. Qxd2 a5 15.
Bd3 Rc8 16. O-O Bh6 17. Qe2 Qd6 18. Qh5 Bg7 19. e4 dxe4 20. Nxe4 Qb6 21. Nc5
Rd8 22. Nxd7 Rxd7 23. Bb5 Qd6 24. d5 O-O 25. Bxd7 Qxd7 26. dxe6 fxe6 27. Qxa5
Qd3 28. Rbd1 Qc2 29. Qb6 Qc6 30. Qxc6 bxc6 31. Rd6 1-0

[Event "29th NATO Chess Championship"]
[Site "Lubbock"]
[Date "2018.06.07"]
[Round "5.10"]
[White "Drabke, Lorenz Maximilian"]
[Black "Sypien, Mateusz"]
[Result "1/2-1/2"]
[WhiteElo "2419"]
[BlackElo "2248"]
[PlyCount "36"]
[EventDate "2018.06.04"]
[EventType "swiss"]
[EventRounds "7"]
[EventCountry "USA"]
[SourceVersion "1"]
[SourceVersionDate "2018.06.14"]
[SourceQuality "1"]
[WhiteTeam "GERMANY"]
[BlackTeam "POLAND"]
[WhiteTeamCountry "GER"]
[BlackTeamCountry "POL"]

1. e4 c5 2. Nf3 g6 3. Bc4 Bg7 4. c3 d6 5. O-O Nf6 6. Re1 O-O 7. Bb3 Nc6 8. h3
Na5 9. Bc2 c4 10. b3 b5 11. b4 Nc6 12. a4 Nd7 13. Ra2 bxa4 14. d4 cxd3 15. Qxd3
Nce5 16. Nxe5 Nxe5 17. Qd1 Be6 18. Rxa4 Nc4 1/2-1/2

[Event "29th NATO Chess Championship"]
[Site "Lubbock"]
[Date "2018.06.07"]
[Round "5.11"]
[White "Andersen, Hans Christoph"]
[Black "Oblak, Nicholas"]
[Result "1/2-1/2"]
[WhiteElo "2213"]
[BlackElo "2036"]
[PlyCount "30"]
[EventDate "2018.06.04"]
[EventType "swiss"]
[EventRounds "7"]
[EventCountry "USA"]
[SourceVersion "1"]
[SourceVersionDate "2018.06.14"]
[SourceQuality "1"]
[WhiteTeam "GERMANY"]
[BlackTeam "UNITED STATES"]
[WhiteTeamCountry "GER"]
[BlackTeamCountry "USA"]

1. d4 d5 2. c4 e6 3. Nf3 c5 4. cxd5 exd5 5. g3 Nc6 6. Bg2 Nf6 7. O-O Be7 8.
dxc5 Bxc5 9. Qc2 Be7 10. Nc3 O-O 11. Rd1 h6 12. e4 d4 13. a3 Bg4 14. h3 Bxf3
15. Bxf3 Qc8 1/2-1/2

[Event "29th NATO Chess Championship"]
[Site "Lubbock"]
[Date "2018.06.07"]
[Round "5.12"]
[White "Balmaceda, Enrico"]
[Black "Bohn, Ulrich"]
[Result "1/2-1/2"]
[WhiteElo "2063"]
[BlackElo "2185"]
[PlyCount "66"]
[EventDate "2018.06.04"]
[EventType "swiss"]
[EventRounds "7"]
[EventCountry "USA"]
[SourceVersion "1"]
[SourceVersionDate "2018.06.14"]
[SourceQuality "1"]
[WhiteTeam "UNITED STATES"]
[BlackTeam "GERMANY"]
[WhiteTeamCountry "USA"]
[BlackTeamCountry "GER"]

1. Nf3 Nf6 2. c4 c5 3. g3 b6 4. Bg2 Bb7 5. Nc3 g6 6. O-O Bg7 7. d3 O-O 8. e4 h6
9. h3 d6 10. Be3 Nc6 11. Nh2 Qd7 12. Qd2 Kh7 13. f4 Rad8 14. g4 Ng8 15. f5 Bd4
16. Rf2 Bxe3 17. Qxe3 Ne5 18. Raf1 Nf6 19. fxg6+ fxg6 20. Nd5 Bxd5 21. exd5 Kg7
22. b3 Rf7 23. Be4 Rdf8 24. Kg2 Qe8 25. d4 cxd4 26. Qxd4 Nxe4 27. Rxf7+ Rxf7
28. Qxe4 Rxf1 29. Nxf1 Qf7 30. Ng3 Qf6 31. Ne2 Nd7 32. Nd4 Nc5 33. Qe3 Kf7
1/2-1/2

[Event "29th NATO Chess Championship"]
[Site "Lubbock"]
[Date "2018.06.07"]
[Round "5.13"]
[White "Randall, Gordon"]
[Black "Schott, Guido"]
[Result "1/2-1/2"]
[WhiteElo "2029"]
[BlackElo "2127"]
[PlyCount "33"]
[EventDate "2018.06.04"]
[EventType "swiss"]
[EventRounds "7"]
[EventCountry "USA"]
[SourceVersion "1"]
[SourceVersionDate "2018.06.14"]
[SourceQuality "1"]
[WhiteTeam "UNITED STATES"]
[BlackTeam "NATO B"]
[WhiteTeamCountry "USA"]

1. d4 d6 2. e4 Nf6 3. f3 c6 4. c4 e5 5. Ne2 Be7 6. Nbc3 Nbd7 7. Be3 O-O 8. Qd2
a6 9. d5 cxd5 10. cxd5 b5 11. Nc1 Nb6 12. b3 Nfd7 13. Be2 Bb7 14. Nd3 f5 15.
O-O f4 16. Bf2 Bh4 17. a4 1/2-1/2

[Event "29th NATO Chess Championship"]
[Site "Lubbock"]
[Date "2018.06.07"]
[Round "5.14"]
[White "Sycz, Dariusz"]
[Black "Sauer, Marko"]
[Result "1-0"]
[WhiteElo "2222"]
[BlackElo "2119"]
[PlyCount "79"]
[EventDate "2018.06.04"]
[EventType "swiss"]
[EventRounds "7"]
[EventCountry "USA"]
[SourceVersion "1"]
[SourceVersionDate "2018.06.14"]
[SourceQuality "1"]
[WhiteTeam "POLAND"]
[BlackTeam "GERMANY"]
[WhiteTeamCountry "POL"]
[BlackTeamCountry "GER"]

1. d4 d5 2. c4 e6 3. Nf3 c6 4. e3 f5 5. Bd3 Nf6 6. Nc3 Bd6 7. Qc2 Ne4 8. h3 Nd7
9. g4 g6 10. Rg1 Ndf6 11. Bd2 Qe7 12. g5 Nxd2 13. Nxd2 Ne4 14. f4 Nxd2 15. Qxd2
b6 16. O-O-O a5 17. h4 Ba6 18. Qe2 Kf7 19. cxd5 Bxd3 20. dxe6+ Qxe6 21. Qxd3
Rhe8 22. Rg3 Rac8 23. h5 b5 24. Kb1 b4 25. Na4 Qe4 26. Nb6 Rcd8 27. Rh3 Bc7 28.
hxg6+ Kxg6 29. Qxe4 Rxe4 30. Na4 Bxf4 31. exf4 Rxf4 32. Nc5 Re8 33. Rh6+ Kxg5
34. Rxc6 Rf2 35. Rg1+ Kh5 36. Nd3 Rf3 37. Ne5 Rf4 38. Nf7 Re1+ 39. Rxe1 Rxd4
40. Rg1 1-0

[Event "29th NATO Chess Championship"]
[Site "Lubbock"]
[Date "2018.06.07"]
[Round "5.15"]
[White "Werksma, Arie"]
[Black "Cirkvencic, Franci"]
[Result "1-0"]
[WhiteElo "2199"]
[BlackElo "2026"]
[PlyCount "131"]
[EventDate "2018.06.04"]
[EventType "swiss"]
[EventRounds "7"]
[EventCountry "USA"]
[SourceVersion "1"]
[SourceVersionDate "2018.06.14"]
[SourceQuality "1"]
[WhiteTeam "NETHERLANDS"]
[BlackTeam "SLOVENIA"]
[WhiteTeamCountry "NED"]
[BlackTeamCountry "SLO"]

1. e4 c5 2. Nf3 d6 3. d4 cxd4 4. Qxd4 a6 5. Be3 Nc6 6. Qb6 Qxb6 7. Bxb6 Nf6 8.
Nc3 Bg4 9. Nd2 g6 10. Bc4 Be6 11. Bb3 Bg7 12. O-O-O Rc8 13. Nd5 O-O 14. Rhe1
Nd7 15. Be3 Rfe8 16. Nc4 b5 17. Ncb6 Nxb6 18. Bxb6 Bxd5 19. exd5 Ne5 20. Bd4
Nc4 21. Bxg7 Kxg7 22. Rd4 Na5 23. Re3 Rc7 24. c3 Nxb3+ 25. axb3 Rec8 26. Kc2
Rb8 27. Re1 Rb6 28. b4 Kf6 29. Kd3 e5 30. dxe6 fxe6 31. Rf4+ Ke7 32. Re3 d5 33.
Ref3 Rbb7 34. Rf7+ Kd6 35. Rxc7 Rxc7 36. Rf8 Ra7 37. f4 a5 38. bxa5 Rxa5 39.
Rf7 Ra2 40. Kc2 Ra1 41. Rxh7 Rf1 42. g3 Rf2+ 43. Kb3 e5 44. fxe5+ Kxe5 45. Rh8
Rg2 46. Ka3 Ke4 47. b3 Kd3 48. Kb4 Re2 49. Rd8 Re4+ 50. Kxb5 Kxc3 51. Rxd5 Kxb3
52. Rg5 Re6 53. Kc5 Kc3 54. Kd5 Ra6 55. Ke4 Kc4 56. Re5 Rf6 57. h4 Rf1 58. Ra5
Rf6 59. g4 Kc3 60. Rd5 Kc4 61. Rd8 Kc5 62. Ke5 Rf7 63. Rc8+ Kb6 64. Rg8 Kc6 65.
Rc8+ Kb5 66. Ke4 1-0

[Event "29th NATO Chess Championship"]
[Site "Lubbock"]
[Date "2018.06.07"]
[Round "5.16"]
[White "Onley, David"]
[Black "Farrell, John F"]
[Result "1/2-1/2"]
[WhiteElo "2113"]
[BlackElo "2008"]
[PlyCount "48"]
[EventDate "2018.06.04"]
[EventType "swiss"]
[EventRounds "7"]
[EventCountry "USA"]
[SourceVersion "1"]
[SourceVersionDate "2018.06.14"]
[SourceQuality "1"]
[WhiteTeam "UNITED KINGDOM"]
[BlackTeam "NATO A"]

1. e4 e5 2. d4 exd4 3. Qxd4 Nc6 4. Qe3 Nf6 5. Nc3 Bb4 6. Bd2 O-O 7. O-O-O Re8
8. Qg3 Bd6 9. Qh3 Nxe4 10. Bd3 Ng5 11. Qf5 h6 12. Nf3 g6 13. Qg4 Be7 14. Nxg5
Bxg5 15. f4 d6 16. Qf3 Bf6 17. Nd5 Bg7 18. g4 Nd4 19. Qg2 c6 20. Nc3 Ne6 21.
Rhe1 Nc5 22. Bf1 Rxe1 23. Rxe1 Bd7 24. Qf3 Qf6 1/2-1/2

[Event "29th NATO Chess Championship"]
[Site "Lubbock"]
[Date "2018.06.07"]
[Round "5.17"]
[White "Cichy, Kamil"]
[Black "Koopmeiners, Karl"]
[Result "1-0"]
[WhiteElo "2094"]
[BlackElo "1991"]
[PlyCount "93"]
[EventDate "2018.06.04"]
[EventType "swiss"]
[EventRounds "7"]
[EventCountry "USA"]
[SourceVersion "1"]
[SourceVersionDate "2018.06.14"]
[SourceQuality "1"]
[WhiteTeam "POLAND"]
[BlackTeam "VETERANS A"]
[WhiteTeamCountry "POL"]

1. e4 c5 2. Nf3 e6 3. Nc3 a6 4. Be2 d5 5. exd5 exd5 6. d4 cxd4 7. Nxd4 Nf6 8.
O-O Be7 9. Bf3 O-O 10. Bg5 Nc6 11. Re1 Qd6 12. Nb3 Be6 13. Bxf6 Bxf6 14. Nxd5
Bxd5 15. Bxd5 Rad8 16. Bxc6 Qxc6 17. Qc1 Rd5 18. c3 Rg5 19. g3 h5 20. Qf4 Rd8
21. Nd4 Qb6 22. Re2 Rg6 23. Nf5 Rg4 24. Qf3 Qb5 25. Rae1 Rg5 26. Ne7+ Kf8 27.
a4 Qd7 28. h4 Rg4 29. Nf5 Qxa4 30. Qxb7 Rg6 31. Qf3 Rg4 32. b4 Qd7 33. Ne3 Rg6
34. Rd1 Qh3 35. Rxd8+ Bxd8 36. Ng2 Qd7 37. Qxh5 Rh6 38. Qc5+ Kg8 39. Qd4 Rd6
40. Qe3 Re6 41. Rd2 Qe8 42. Qf3 Bf6 43. Nf4 Re1+ 44. Kh2 Qb5 45. Qd3 Qc6 46.
Nd5 Be5 47. Ne7+ 1-0

[Event "29th NATO Chess Championship"]
[Site "Lubbock"]
[Date "2018.06.07"]
[Round "5.18"]
[White "Williams, Abiye"]
[Black "Pirs, Matjaz2"]
[Result "1-0"]
[WhiteElo "2064"]
[BlackElo "1983"]
[PlyCount "87"]
[EventDate "2018.06.04"]
[EventType "swiss"]
[EventRounds "7"]
[EventCountry "USA"]
[SourceVersion "1"]
[SourceVersionDate "2018.06.14"]
[SourceQuality "1"]
[WhiteTeam "UNITED STATES"]
[BlackTeam "SLOVENIA"]
[WhiteTeamCountry "USA"]
[BlackTeamCountry "SLO"]

1. e4 d5 2. Nc3 Nf6 3. e5 d4 4. exf6 dxc3 5. fxg7 cxd2+ 6. Qxd2 Qxd2+ 7. Bxd2
Bxg7 8. O-O-O Nd7 9. f4 Nf6 10. Bd3 Bd7 11. Nf3 Bc6 12. Ne5 Be4 13. Rhe1 Bxd3
14. Nxd3 Nd7 15. Bb4 e6 16. Ba3 O-O-O 17. Be7 Rde8 18. Bh4 f6 19. Re2 e5 20.
Rde1 Re6 21. c3 Rhe8 22. fxe5 fxe5 23. Nf2 Nc5 24. b4 Na4 25. Ne4 Nb6 26. Rf1
Nd5 27. Rf7 Bh6+ 28. Kc2 Rc6 29. Kb3 Nf4 30. Rf2 Nd3 31. R2f6 Rxf6 32. Bxf6
Nc1+ 33. Kc2 Rg8 34. g3 Rg4 35. Nf2 Rc4 36. Bxe5 Rc6 37. Ng4 Bg5 38. h4 Nxa2
39. hxg5 Nxb4+ 40. Kb3 Nd3 41. Bf4 Nc5+ 42. Kc2 Ne4 43. Rf8+ Kd7 44. Ne5+ 1-0

[Event "29th NATO Chess Championship"]
[Site "Lubbock"]
[Date "2018.06.07"]
[Round "5.19"]
[White "Nikomanis, Andreas"]
[Black "Duren, Andrew"]
[Result "1-0"]
[WhiteElo "2045"]
[BlackElo "1982"]
[PlyCount "43"]
[EventDate "2018.06.04"]
[EventType "swiss"]
[EventRounds "7"]
[EventCountry "USA"]
[SourceVersion "1"]
[SourceVersionDate "2018.06.14"]
[SourceQuality "1"]
[WhiteTeam "GREECE"]
[BlackTeam "VETERANS A"]
[WhiteTeamCountry "GRE"]

1. e4 c5 2. Nf3 g6 3. d4 cxd4 4. Nxd4 Nc6 5. Nc3 Bg7 6. Nb3 Nf6 7. Be2 O-O 8.
O-O d6 9. Bg5 h6 10. Bh4 Bd7 11. f4 Re8 12. Kh1 a6 13. Bf3 Qc7 14. Qe2 e5 15.
Bxf6 Bxf6 16. Nd5 Qd8 17. f5 g5 18. c3 Kg7 19. Rad1 Na5 20. Nxf6 Kxf6 21. Rxd6+
Ke7 22. Rfd1 1-0

[Event "29th NATO Chess Championship"]
[Site "Lubbock"]
[Date "2018.06.07"]
[Round "5.20"]
[White "Peraino, Andrew"]
[Black "Cheung, Jan W"]
[Result "1-0"]
[WhiteElo "1868"]
[BlackElo "2043"]
[PlyCount "53"]
[EventDate "2018.06.04"]
[EventType "swiss"]
[EventRounds "7"]
[EventCountry "USA"]
[SourceVersion "1"]
[SourceVersionDate "2018.06.14"]
[SourceQuality "1"]

1. e4 c5 2. Nf3 Nc6 3. d4 cxd4 4. Nxd4 Qb6 5. Nb3 Nf6 6. Bd3 e6 7. Be3 Qc7 8.
f4 d6 9. Nc3 a6 10. g4 b5 11. g5 Nd7 12. h4 Bb7 13. Rf1 Nb4 14. h5 Nb6 15. a3
Nxd3+ 16. cxd3 Nd7 17. Rc1 Qd8 18. Bd4 e5 19. fxe5 Nxe5 20. Bxe5 dxe5 21. Qf3
Qd7 22. Na5 Bd6 23. Nxb7 Qxb7 24. h6 O-O 25. Nd5 f5 26. gxf6 g6 27. Rc7 1-0

[Event "29th NATO Chess Championship"]
[Site "Lubbock"]
[Date "2018.06.07"]
[Round "5.21"]
[White "Wells, Daniel J"]
[Black "Dekker, Ard E"]
[Result "1/2-1/2"]
[WhiteElo "2014"]
[BlackElo "1955"]
[PlyCount "47"]
[EventDate "2018.06.04"]
[EventType "swiss"]
[EventRounds "7"]
[EventCountry "USA"]
[SourceVersion "1"]
[SourceVersionDate "2018.06.14"]
[SourceQuality "1"]

1. e4 c6 2. d4 d5 3. e5 Bf5 4. Nf3 e6 5. Be2 c5 6. O-O Nc6 7. c3 cxd4 8. cxd4
Bb4 9. a3 Ba5 10. b4 Bb6 11. Nc3 Nge7 12. Na4 O-O 13. Bb2 h6 14. Nc5 Bxc5 15.
dxc5 Bg4 16. h3 Bxf3 17. Bxf3 Qc7 18. Re1 Ng6 19. Qe2 Nb8 20. Qe3 Nd7 21. Rac1
Rfc8 22. Bd1 Ne7 23. Bc2 Nf8 24. Bd3 1/2-1/2